01239nas a2200265Ia 4500001001100000003000900011008004100020040001300061040001300074041001300087100003800100210001100138222001100149245007900160250001100239260002300250501008600273300001000359362003500369500026200404650006600666942000700732999001900739952021500758R132/65993IT-RoPAU151124c99999999xx |||||||||||| ||und|| aIT-RoPAU cIT-RoPAU aITALIANO aAA.VV. gCodice Aut. SPICS: 12000 aADISTA aAdista aADISTA, ANNO 22-N.006 (GENNAIO 1988)bAdista, Anno 22-N.006 (Gennaio 1988) a1a ed. aROMAbADISTAc1988 bPaulus - SPICS - Società€ San Paolo EM (non-commercial uses only)cCopyright2015 a16 p. aANNO 022, N.006 (GENNAIO 1988) aGiovanni Bianchi: Acli al Futuro con Scelte di Ieri, Sfide di Oggi e Speranze della Gente. Nodi Irrisolti della Cei: Stipendi al Clero, Ora di Religione, Scuole di Politica, Decima Sulle Tasse. Convegno Fism: Si Chiede Parità€ Legislativa e Finanziaria per aCOMUNICAZIONE - AGENZIA INFORMAZIONEvPUBBLICAZIONE PERIODICA cCR c145238d145238 0010406R_132_65993000000000071aSPICSbSPICSd2015-11-25l0oR132/65993r2015-11-25 00:00:00w2015-11-25yCRzProgr. Ins: 54987 / Copia rara: NO / date import: 25.11.2015 / By Epidotti, Trombetti, Vaglietti